00839nam a2200253 k 4500001001300000005001500013008004100028020003300069040001900102041001300121049001700134056001300151090002100164100002400185245013100209260003400340300001600374546004400390653005100434700002400485700001400509740005100523950001100574KMO20260064420260331090821260328s2025 ulk 000 kor a9791198545381g03480c\17500 a146043c1460431 akorhjpn0 lMEM000012221 a480.426 a480.4b다833ㅅ1 a다테노 마사키10a식물학자가 산책하는 법b100년 식물원에서 배운 자연의 언어d다테노 마사키 지음e주현정 옮김 a서울b브리드북스c2025 a256p.c13cm a일본어 원작을 한국어로 번역 a식물생태학a닛코식물원a식물원장1 a다테노 마사키1 a주현정02a100년 식물원에서 배운 자연의 언어0 b\17500 |
|---|